Melton: Diplomacia o subersión? /
Salvato in:
| Ente Autore: | |
|---|---|
| Natura: | testo |
| Soggetti: | |
| Tags: |
Aggiungi Tag
Nessun Tag, puoi essere il primo ad aggiungerne!!
|
MARC
| LEADER | 00000 a a2200000 04500 | ||
|---|---|---|---|
| 001 | 45581 | ||
| 003 | |||
| 040 | |a CRAI/IIS |c CRAI/IIS | ||
| 110 | |a Gorostiaga, Xabier | ||
| 245 | |a Melton: Diplomacia o subersión? / |c Xabier Gosrostiaga | ||
| 500 | |a Antes se llamaba: ALAI SERVICIO MENSUAL DE INFORMACION Y DOCUMENTACION | ||
| 650 | |a POLITICA INTERNACIONAL | ||
| 650 | |a ACUERDOS INTERNACIONALES | ||
| 650 | |a GOBIERNO | ||
| 650 | |a NICARAGUA | ||
| 650 | |a ESTADOS UNIDOS | ||
| 773 | |g volumen12, número106 (Agosto, 1988), Págs. 3-4 | ||
| 999 | |c 18273 |d 18273 | ||
